| 000 | 00952nam a22003137a 4500 | ||
|---|---|---|---|
| 001 | BR8800301 | ||
| 003 | BR-BrBNA | ||
| 005 | 20230928092826.0 | ||
| 007 | ta | ||
| 008 | 230509b bl.||||| |||| 00| 0 por d | ||
| 040 |
_aBR-BrBNA _bpor _cBiblioteca Nacional de Agricultura |
||
| 041 | _a(Por) | ||
| 072 |
_aS01; E80 _b1190 |
||
| 090 | _ 1190 BR8800301 | ||
| 110 | 1 |
_aUniversidade Federal Rural de Pernambuco, Recife (Brasil). Depto. de Ciencias Domesticas _911209 |
|
| 245 | 1 | _aAcerola; cereja das Antilhas na alimentacao humana | |
| 260 | 3 |
_aBrasilia, DF (Brasil): _bEmpresa Brasileira de Assistencia Tecnica e Extensao Rural, _c1985. |
|
| 300 | _a8 p. | ||
| 500 | _a3 ref. | ||
| 650 | _aNUTRICAO HUMANA | ||
| 650 | _aSUPLEMENTO VITAMINICO | ||
| 650 | _aVITAMINA C | ||
| 650 | _aCOMPOSICAO QUIMICA | ||
| 650 | _aCULINARIA | ||
| 650 | _aNUTRICAO ANIMAL | ||
| 650 | _aACEROLA | ||
| 909 |
_a202309 _bLucia _c55 _dLucia Elande |
||
| 942 | _cBK | ||
| 999 |
_c41416 _d41416 |
||